Tulanamulak sarkar bibyastha (Record no. 1302)

MARC details
000 -LEADER
fixed length control field 00603cam a2200205ua 4500
008 - FIXED-LENGTH DATA ELEMENTS--GENERAL INFORMATION
fixed length control field 110708n ii |||gr||||Z||||||eng
040 ## - CATALOGING SOURCE
Transcribing agency MAIN
082 ## - DEWEY DECIMAL CLASSIFICATION NUMBER
Classification number 320.3
100 1# - MAIN ENTRY--PERSONAL NAME
Personal name Das, Mrigendra Narayan,
Relator term
245 1# - TITLE STATEMENT
Title Tulanamulak sarkar bibyastha
Statement of responsibility, etc. by Mrigendra Narayan Das
250 ## - EDITION STATEMENT
Edition statement 2nd.
260 ## - PUBLICATION, DISTRIBUTION, ETC.
Place of publication, distribution, etc. Dibrugarh:
Name of publisher, distributor, etc. Students Emporium,996.
300 ## - PHYSICAL DESCRIPTION
Extent 184p:
Dimensions 23cm.
Extent 196p:
-- 140p:
-- 76p:
-- 54p:
700 ## - ADDED ENTRY--PERSONAL NAME
Personal name Lahan, Thaneswar,
Relator term
700 ## - ADDED ENTRY--PERSONAL NAME
Personal name Chahu, Nandakumar,
Relator term
942 ## - ADDED ENTRY ELEMENTS (KOHA)
Koha item type Books
653 ## - INDEX TERM--UNCONTROLLED
Uncontrolled term Political science
653 ## - INDEX TERM--UNCONTROLLED
Uncontrolled term Tulanamulak sarkar bibyastha
Holdings
Withdrawn status Lost status Damaged status Not for loan Home library Current library Shelving location Date acquired Total Checkouts Full call number Barcode Date last seen Copy number Price effective from Koha item type
        Central Library, Naharkatiya College Central Library, Naharkatiya College General Stacks 19/09/2020   320.3 | CHA 971 19/09/2020 1 19/09/2020 Books

Naharkatiya College © 2020. All rights reserved.

Powered By